000 00940cam a22003017a 4500
003 CHAP
005 20220329141617.0
008 971013s1923 r 00010 d
010 _a70963
011 _a71935
035 _a81489
040 _cCHAP
082 _a595.79
_bG3
100 0 0 _aGahan, A. B.
_944169
245 1 4 _aThe type species of the genera of Chalcidoidea of Chalcid-flies
260 _aWashington, D.C. :
_bGovernment Printing Office,
_c1923
300 _a173 p.
490 0 _aEUA. National Museum. Bulletin
_v; 124
590 _aBATCH-UPD
_b10
_c20130110
_lUCH01
_h0509
590 _aBATCH-UPD
_b10
_c20130110
_lUCH01
_h2359
590 _aCONVERSION
_b10
_c20130109
_lUCH01
_h1339
650 1 4 _aChalcidoidea.
_921747
700 0 _aFagan, Margaret M.
_939314
830 0 _aEUA. National Museum. Bulletin
_v; 124
_938804
901 _aBK
942 _cLIBRO
949 _a595.79 G3
_bBC
_cBPP
_d-34871
_eBPP
_h27157
_i81489
_mD
_si
999 _c70963
_d70963